Wind energy conversion 1997 : (Record no. 355982)
[ view plain ]
| 000 -LEADER | |
|---|---|
| fixed length control field | 00520nam a22001217a 4500 |
| 008 - FIXED-LENGTH DATA ELEMENTS--GENERAL INFORMATION | |
| fixed length control field | 160127b xxu||||| |||| 00| 0 eng d |
| 020 ## - INTERNATIONAL STANDARD BOOK NUMBER | |
| International Standard Book Number | 9781860580345 |
| 082 ## - DEWEY DECIMAL CLASSIFICATION NUMBER | |
| Classification number | 621.312136 |
| Author Mark | WIN 1996 |
| 245 ## - TITLE STATEMENT | |
| Title | Wind energy conversion 1997 : |
| Remainder of title | proceedings of the 18th British Wind Energy Association Conference, Exeter University, UK, 25-27 September 1996 |
| Statement of responsibility, etc. | edited by Dr. Mike Anderson |
| 260 ## - PUBLICATION, DISTRIBUTION, ETC. | |
| Place of publication, distribution, etc. | Bury st edmunds and london: |
| Name of publisher, distributor, etc. | Mechanical engieering publishing limited; |
| Date of publication, distribution, etc. | c1996. |
| 300 ## - PHYSICAL DESCRIPTION | |
| Extent | 473p: |
| Other physical details | ill; |
| Dimensions | 26cm, |
| 942 ## - ADDED ENTRY ELEMENTS (KOHA) | |
| Source of classification or shelving scheme | |
| Koha item type | Book |
| Withdrawn status | Lost status | Source of classification or shelving scheme | Damaged status | Not for loan | Collection code | Permanent Location | Current Location | Shelving location | Date acquired | Source of acquisition | Cost, normal purchase price | Total Checkouts | Full call number | Barcode | Date last seen | Price effective from | Koha item type |
|---|---|---|---|---|---|---|---|---|---|---|---|---|---|---|---|---|---|
| US-Pakistan Center for Advanced Studies in Energy (USPCAS-E) | US-Pakistan Center for Advanced Studies in Energy (USPCAS-E) | 01/27/2016 | Golden books | 32956.00 | 621.312136 WIN 1997 | CAS-E0001387 | 01/27/2016 | 01/27/2016 | Book | ||||||||
| US-Pakistan Center for Advanced Studies in Energy (USPCAS-E) | US-Pakistan Center for Advanced Studies in Energy (USPCAS-E) | 01/27/2016 | Golden books | 26868.00 | 621.312136 WIN 1996 | CAS-E0001386 | 01/27/2016 | 01/27/2016 | Book |
